| 000 | 00931nas a2200277 4500 | ||
|---|---|---|---|
| 001 | BR2010004674 | ||
| 003 | BR-BrBNA | ||
| 005 | 20231205114302.0 | ||
| 007 | ta | ||
| 008 | 230509b bl.|||p| |||| 00| 00por d | ||
| 040 |
_aBR-BrBNA _bpor _cBiblioteca Nacional de Agricultura |
||
| 041 | _a(Pt) | ||
| 072 | _aL73 | ||
| 100 | 1 | _aSerra-Freire, N.M. | |
| 100 | 1 | _aBenigno, R.N.M. | |
| 100 | 1 | _aFalcão, K. | |
| 245 | 1 | _aCasos clínicos de dermatite por Leporacarus gibbus (Acari: Listrophoridae)em criações zootécnicas de coelhos domésticos (Oryctolagus cunicuus)nos estados do Pará e São Paulo | |
| 650 | _aCOELHO | ||
| 650 | _aDERMATITE | ||
| 650 | _aACARIOSE | ||
| 650 | _aPARÁ | ||
| 650 | _aSÃO PAULO | ||
| 773 | 0 |
_tRevista Brasileira de Medicina Veterinária (Brazil) _xISSN 0100-2430 _g(Apr-Jun 2010), v. 32(2) p. 111-114 _wBR2010004674 |
|
| 909 |
_a202311 _bLúcia _c55 _dLúcia Elande |
||
| 942 |
_2AGRIS _n0 _cANA |
||
| 999 |
_c208035 _d208035 |
||